Drapeaux similaires n°2 - Statistiques

Statistiques générales
  • Ce quiz a été pris 96 850 fois
    53 414 depuis la dernière actualisation
  • Le résultat moyen est 17 sur 20
Statistiques - réponses
Par images Réponse % Correct
Allemagne
99%
Belgique
99%
Chine
99%
Japon
98%
Irlande
97%
Norvège
96%
Côte d'Ivoire
91%
Égypte
91%
Viêt Nam
91%
Islande
88%
Géorgie
87%
Autriche
85%
Bulgarie
85%
Hongrie
85%
Irak
81%
Bangladesh
80%
Lettonie
73%
Yémen
55%
Palaos
51%
Tonga
49%
Aucun quiz correspondant
Distribution des résultats
% des personnes avec chaque résultat
Percentile par nombre de réponses
Votre historique - résultats
Vous n’avez pas pris ce quiz depuis la dernière actualisation